Statistics for Croatian cities by letter

Click here to take the quiz!

General Stats

  • This quiz has been taken 19 times
  • The average score is 14 of 19

Answer Stats

LetterPopulationAnswer% Correct
D/Đ41,671/23,687Dubrovnik/Đakovo
100%
R108,622Rijeka
100%
S/Š161,312/42,589Split/Šibenik
100%
Z/Ž769,944/9,246Zagreb/Županja
100%
C/Č10,004/27,266Crikvenica/Čakovec
92%
O96,848Osijek
92%
T12,429Trogir
92%
V43,999Varaždin
92%
K49,594Karlovac
85%
P52,411Pula
85%
B36,433Bjelovar
77%
U12,767Umag
69%
G11,464Gospić
62%
J14,657Jastrebarsko
54%
N14,336Našice
54%
H3,998Hvar
46%
I13,028Ivanić-Grad
38%
L10,488Labin
38%
M15,349Metković
38%

Score Distribution

Percentile by Number Answered

Percent of People with Each Score

Your Score History

You have not taken this quiz